00395nam a2200145 4500001000700000003000900007005001700016007000300033008004100036100003300077245004900110260004700159300002200206852002100228139901ES-MaACL20230906195936.0t|070214s1928 xxu r ||||1| eng d1 aSchmalhausen, Samuel Daniel.10aWhy we misbehave / cby Samuel Schmalhausen. aNew York : bThe Macaulay Company, c1928. a312 p. ; c22 cm. aES-MaACLjA-3146